Primeiros Ministros de Portugal pós 25 de Abril - Statistics

Estatísticas Gerais
  • Esse quiz foi jogado 340 vezes
  • A pontuação média é 10 de 19
Estatísticas das Respostas
Mandato Nome % Correto
26/11/2015 - presente Antonio Costa
98%
21/06/2011 - 26/11/2015 Pedro Passos Coelho
96%
12/03/2005 - 21/06/2011 José Sócrates
90%
6/11/1985 - 19/02/1995 Anibal Cavaco Silva
89%
23/07/1976 - 28/08/1978 Mario Soares
83%
9/06/1983 - 6/11/1985 Mario Soares
83%
26/10/1995 - 6/04/2002 António Guterres
74%
6/04/2002- 17/07/2004 Manuel Durão Barroso
72%
17/07/2004 - 12/03/2005 Pedro Santana Lopes
64%
3/01/1980 - 4/12/1980 Francisco Sá Carneiro
58%
9/01/1981 - 9/06/1983 Francisco Pinto Balsemao
45%
1/08/1979 - 3/01/1980 Maria de Lourdes Pintasilgo
38%
18/07/1974 - 19/09/1975 Vasco Gonçalves
30%
4/12/1980 - 9/01/1981 Diogo Freitas do Amaral
28%
19/09/1975 - 23/06/1976 Jose Pinheiro de Azevedo
19%
22/11/1978 - 1/08/1979 Carlos Mota Pinto
17%
16/05/1974 - 18/07/1974 Adelino da Palma Carlos
15%
28/08/1978 - 22/11/1979 Alfredo Nobre da Costa
14%
23/06/1976 - 23/07/1976 Vasco Almeida e Costa
6%
Nenhum quiz correspondente encontrado
Distribuição das Pontuações
Porcentagem de Pessoas com Cada Pontuação
Percentil de Números Respondidos
Sua Pontuação Histórica
Você não jogou esse quiz